[Event "14th EUR-ch"]
[Site "Legnica POL"]
[Date "2013.05.13"]
[Round "8"]
[White "Szumilas, Piotr"]
[Black "Tomazini, Zan"]
[Result "0-1"]
[WhiteElo "2198"]
[BlackElo "2370"]
[EventDate "2013.05.05"]
[PlyCount "68"]

1.e4 g6 2.d4 Bg7 3.Nc3 d6 4.Nf3 a6 5.Bc4 b5 6.Bb3 e6 7.O-O Bb7 8.d5 e5 9.
a4 b4 10.Ne2 Nf6 11.Ng3 Nbd7 12.a5 Rb8 13.Ra4 Bc8 14.Qe1 Nc5 15.Rxb4 Rxb4 
16.Qxb4 Nxb3 17.Qxb3 O-O 18.Qd3 Ne8 19.b4 f5 20.b5 f4 21.Ne2 axb5 22.Qxb5 
g5 23.a6 g4 24.a7 Bd7 25.Qb7 gxf3 26.a8=Q Qh4 27.Qa3 fxe2 28.Re1 f3 29.Qe3
Rf4 30.gxf3 Bh3 31.Kh1 Bf1 32.Qc8 Kf8 33.Qd3 Qxf2 34.Rxe2 Bg2# 0-1

[Event "14th EUR-ch"]
[Site "Legnica POL"]
[Date "2013.05.13"]
[Round "8"]
[White "Vesterbaek Pedersen, Nicolai"]
[Black "Pavlidou, Ekaterini"]
[Result "1/2-1/2"]
[WhiteElo "2406"]
[BlackElo "2209"]
[EventDate "2013.05.05"]
[PlyCount "49"]

1.d4 Nf6 2.c4 e6 3.Nc3 Bb4 4.a3 Bxc3+ 5.bxc3 c5 6.e3 O-O 7.Bd3 d6 8.Ne2 
Nc6 9.O-O e5 10.e4 Nd7 11.Be3 b6 12.Qc2 Ba6 13.d5 Na5 14.Qa2 Re8 15.f3 Nf8
16.Rf2 Ng6 17.g3 Qd7 18.a4 Rf8 19.g4 Rae8 20.Raf1 Qd8 21.h3 Bc8 22.Qd2 Ba6
23.Qa2 Bc8 24.Qd2 Ba6 25.Qa2 1/2-1/2

[Event "14th EUR-ch"]
[Site "Legnica POL"]
[Date "2013.05.13"]
[Round "8"]
[White "Tari, Aryan"]
[Black "Iwanow, Anna"]
[Result "1/2-1/2"]
[WhiteElo "2385"]
[BlackElo "2195"]
[EventDate "2013.05.05"]
[PlyCount "209"]

1.e4 c5 2.Nf3 e6 3.d4 cxd4 4.Nxd4 Nf6 5.Nc3 d6 6.Be3 a6 7.f3 b5 8.Qd2 Nbd7
9.g4 Nb6 10.a4 Nc4 11.Bxc4 bxc4 12.a5 Bb7 13.Nde2 Nd7 14.Ng3 Be7 15.g5 O-O
16.f4 f5 17.gxf6 Rxf6 18.Rg1 Rc8 19.Na4 Rf7 20.Nb6 Nxb6 21.axb6 Bh4 22.
O-O-O Qd7 23.Nh5 Qe8 24.Nxg7 Rxg7 25.Qxd6 Rg6 26.Qe5 c3 27.Bd4 cxb2+ 28.
Kb1 Bxe4 29.Qxe4 Kf7 30.Rxg6 hxg6 31.Rg1 Qa4 32.Qxg6+ Ke7 33.Bxb2 Qxf4 34.
Qh7+ Kd6 35.Rd1+ Kc5 36.Ba3+ Kxb6 37.Bb2 Qb4 38.Rd4 Qe1+ 39.Ka2 Qa5+ 40.
Kb3 Be1 41.Rd6+ Kc5 42.Ba3+ Qxa3+ 43.Kxa3 Kxd6 44.Qd3+ Ke7 45.Qxa6 Rc7 46.
Kb2 Bc3+ 47.Kb3 Be5 48.Qa5 Bxh2 49.Qg5+ Kd7 50.Qg7+ Kd6 51.Qd4+ Kc6 52.
Qe4+ Kd6 53.Qd3+ Kc6 54.Qh3 Bd6 55.Qxe6 Re7 56.Qc8+ Kb6 57.Qd8+ Kc6 58.Kc4
Re5 59.Qa8+ Kc7 60.Kd4 Rc5 61.Qg8 Kd7 62.Qf7+ Kc6 63.Qe8+ Kc7 64.Qa4 Rf5 
65.Qa7+ Kc6 66.Qa6+ Kc7 67.Qc4+ Kd7 68.Qg8 Rc5 69.c3 Kc7 70.Qe6 Ra5 71.Qe8
Rc5 72.Qe2 Ra5 73.Qc4+ Kd7 74.Qf7+ Kc6 75.Qe6 Kc7 76.Qe8 Rc5 77.Qa8 Rf5 
78.Qa7+ Kc6 79.Qa4+ Kc7 80.Qc4+ Kd7 81.Qg8 Rc5 82.c4 Ra5 83.Qh7+ Kc6 84.
Qf7 Rc5 85.Qf1 Be5+ 86.Kd3 Bd6 87.Kc3 Re5 88.Kb3 Re3+ 89.Kc2 Re5 90.Kd3 
Rc5 91.Qh3 Kc7 92.Kd4 Re5 93.Qh7+ Kc6 94.Qh8 Kc7 95.Qxe5 Bxe5+ 96.Kxe5 Kc6
97.Kd4 Kd6 98.c5+ Kc6 99.Kc4 Kc7 100.Kb5 Kb7 101.c6+ Kc7 102.Kc5 Kc8 103.
Kb6 Kb8 104.c7+ Kc8 105.Kc6 1/2-1/2

[Event "14th EUR-ch"]
[Site "Legnica POL"]
[Date "2013.05.13"]
[Round "8"]
[White "Cherednichenko, Elena"]
[Black "Lomsadze, Davit"]
[Result "1-0"]
[WhiteElo "2168"]
[BlackElo "2370"]
[EventDate "2013.05.05"]
[PlyCount "35"]

1.d4 g6 2.Nf3 Bg7 3.e4 d6 4.Be3 Nd7 5.Bc4 e6 6.Nc3 a6 7.a4 b6 8.Qd2 Bb7 9.
Bd3 Ne7 10.Bh6 O-O 11.h4 Nf6 12.h5 Nxh5 13.g4 Nf6 14.Bxg7 Kxg7 15.Qh6+ Kh8
16.Ng5 Nc6 17.Nxh7 Ng8 18.Qxf8 1-0

[Event "14th EUR-ch"]
[Site "Legnica POL"]
[Date "2013.05.13"]
[Round "8"]
[White "Machan, Jan"]
[Black "Kantorik, Marian"]
[Result "0-1"]
[WhiteElo "2173"]
[BlackElo "2363"]
[EventDate "2013.05.05"]
[PlyCount "132"]

1.d4 d5 2.Nf3 c6 3.g3 Nf6 4.Bg2 Bf5 5.O-O h6 6.c4 e6 7.Nc3 Nbd7 8.Qb3 Qb6 
9.c5 Qxb3 10.axb3 a6 11.b4 Rc8 12.Re1 g5 13.Nd2 Bg7 14.f3 Nh7 15.e3 O-O 
16.Ne2 e5 17.e4 Be6 18.exd5 Bxd5 19.Nc3 Be6 20.dxe5 Nxe5 21.Bf1 Rfd8 22.
Nce4 Nd3 23.Bxd3 Rxd3 24.Ra3 Rd4 25.Nd6 Rb8 26.Re4 Rd5 27.Kf1 Nf6 28.Ree3 
Rd4 29.Nb3 Rxb4 30.Bd2 Rb5 31.Nxb5 axb5 32.Bc1 Bc4+ 33.Kg2 Nd5 34.Re4 f5 
35.Rxc4 bxc4 36.Na5 c3 37.bxc3 Bxc3 38.Nb3 Re8 39.Ra2 Kf7 40.Kf2 Nb4 41.
Re2 Nd3+ 42.Kf1 Nxc1 43.Nxc1 Re5 44.Rc2 Ba5 45.Nb3 Bb4 46.Rc4 Ba3 47.Kf2 
Kf6 48.h3 Ke6 49.h4 f4 50.hxg5 hxg5 51.gxf4 gxf4 52.Rxf4 Bxc5+ 53.Kf1 b5 
54.Rh4 Be3 55.Rg4 c5 56.Na1 b4 57.Nc2 b3 58.Na3 Bd4 59.Rg8 Bc3 60.Re8+ Kf6
61.Rxe5 Kxe5 62.Ke2 Bb4 63.Nb1 Kd4 64.Kd1 c4 65.Kc1 c3 66.f4 Kd3 0-1

[Event "14th EUR-ch"]
[Site "Legnica POL"]
[Date "2013.05.13"]
[Round "8"]
[White "Posedaru, Bogdan"]
[Black "Krnic, Ivan"]
[Result "0-1"]
[WhiteElo "2339"]
[BlackElo "2166"]
[EventDate "2013.05.05"]
[PlyCount "130"]

1.d4 Nf6 2.c4 g6 3.Nc3 Bg7 4.e4 d6 5.f3 O-O 6.Be3 Nc6 7.Nge2 a6 8.Qd2 Rb8 
9.Rc1 Bd7 10.Nd1 e5 11.d5 Ne7 12.g3 Ne8 13.Bg2 f5 14.O-O fxe4 15.fxe4 
Rxf1+ 16.Kxf1 Nf6 17.Nf2 Ng4 18.Nxg4 Bxg4 19.Kg1 Qd7 20.b4 b6 21.Nc3 c5 
22.Rb1 Qc7 23.h3 Bd7 24.Nd1 Nc8 25.Nf2 b5 26.bxc5 dxc5 27.Nd3 bxc4 28.Rxb8
Qxb8 29.Nxc5 Be8 30.Nxa6 Qb1+ 31.Kh2 Bf8 32.Bc5 Qd3 33.Qxd3 cxd3 34.Bxf8 
Kxf8 35.Nc5 d2 36.Bf3 Nb6 37.d6 Ba4 38.Nd3 Nc4 39.Nf2 Nb2 40.Ng4 Nc4 41.
Nf6 Nxd6 42.Nxh7+ Ke7 43.Ng5 d1=Q 44.Bxd1 Bxd1 45.Kg2 Nb5 46.Nf3 Kf6 47.g4
Nc3 48.g5+ Ke6 49.Nh4 Bh5 50.a3 Nxe4 51.a4 Nxg5 52.a5 Kd6 53.Kg3 Ne4+ 54.
Kh2 Nc5 55.Ng2 Kd5 56.Kg3 Kd4 57.Ne1 Kc3 58.Kf2 Kd2 59.Ng2 e4 60.Ne3 Be2 
61.Nd5 Bc4 62.Nf4 e3+ 63.Kg3 e2 64.Nxe2 Bxe2 65.Kf4 Kc3 0-1

[Event "14th EUR-ch"]
[Site "Legnica POL"]
[Date "2013.05.13"]
[Round "8"]
[White "Gaehwiler, Gabriel"]
[Black "Pogosian, Vladimir"]
[Result "1-0"]
[WhiteElo "2288"]
[BlackElo "2132"]
[EventDate "2013.05.05"]
[PlyCount "47"]

1.e4 e5 2.Nf3 Nc6 3.Bc4 Bc5 4.b4 Bxb4 5.c3 Be7 6.d4 Bf6 7.dxe5 Bxe5 8.Ng5 
Nh6 9.f4 Bf6 10.O-O O-O 11.Qh5 d6 12.h3 Qe7 13.Bd3 Rd8 14.a4 Qf8 15.Nxh7 
Kxh7 16.e5+ g6 17.exf6 Kg8 18.Qg5 Bf5 19.Bb5 Kh7 20.g4 Bxb1 21.Rxb1 Ng8 
22.f5 gxf5 23.Qxf5+ Kh8 24.Qh5+ 1-0

[Event "14th EUR-ch"]
[Site "Legnica POL"]
[Date "2013.05.13"]
[Round "8"]
[White "Curic, Drazen"]
[Black "Chubar, Vladimir"]
[Result "1/2-1/2"]
[WhiteElo "2258"]
[BlackElo "2053"]
[EventDate "2013.05.05"]
[PlyCount "108"]

1.e4 g6 2.Bc4 Bg7 3.Qf3 e6 4.Ne2 c5 5.Nbc3 a6 6.d3 Nc6 7.Qg3 d6 8.h4 h5 9.
Bg5 Nge7 10.Qf4 Nd4 11.Qd2 Nxe2 12.Qxe2 Qb6 13.Bb3 Nc6 14.O-O-O Qa5 15.Qd2
Bd7 16.Rde1 Nd4 17.Kb1 Rc8 18.Ne2 Qxd2 19.Bxd2 Nxe2 20.Rxe2 b5 21.c3 a5 
22.Bc2 O-O 23.Bf4 e5 24.Bg5 f6 25.Be3 Be6 26.d4 exd4 27.cxd4 c4 28.d5 Bf7 
29.Rg1 b4 30.g4 hxg4 31.Rxg4 g5 32.Rg1 Bh5 33.Rd2 g4 34.Bd1 c3 35.bxc3 
bxc3 36.Rc2 Rc4 37.Bxg4 Bxg4 38.Rxg4 f5 39.Rf4 Rxe4 40.a3 Be5 41.Rxe4 fxe4
42.Ka2 a4 43.Rc1 Rb8 44.Rb1 Rb2+ 45.Rxb2 cxb2 46.h5 Kf7 47.Kb1 Kf6 48.Kc2 
Kf5 49.Kb1 Bc3 50.Ka2 Ke5 51.Bh6 Kxd5 52.Bf8 Ke6 53.h6 d5 54.Bb4 Bxb4 
1/2-1/2

[Event "14th EUR-ch"]
[Site "Legnica POL"]
[Date "2013.05.13"]
[Round "8"]
[White "Sahitaj, Naim"]
[Black "Tomczak, Mikolaj"]
[Result "1/2-1/2"]
[WhiteElo "2256"]
[BlackElo "2002"]
[EventDate "2013.05.05"]
[PlyCount "82"]

1.Nf3 Nf6 2.b3 g6 3.Bb2 Bg7 4.e4 d6 5.d3 e5 6.Nbd2 O-O 7.g3 c5 8.Bg2 Nc6 
9.O-O Re8 10.Re1 b6 11.Nc4 Bb7 12.Ne3 Qc7 13.Nh4 Rad8 14.c4 Nd4 15.Rf1 Qe7
16.a3 Nd7 17.b4 Nf8 18.b5 a5 19.bxa6 Bc6 20.Bxd4 cxd4 21.Nc2 Ba4 22.Qd2 
Bxc2 23.Qxc2 Ra8 24.Bh3 Rxa6 25.Rfb1 Rea8 26.Rb3 Ne6 27.Bxe6 fxe6 28.Rab1 
Qc7 29.Qe2 Bf6 30.Nf3 Bd8 31.Qb2 Qc5 32.Ra1 Ra4 33.Ne1 Qa5 34.Rb5 Qa7 35.
Nc2 Qf7 36.Kg2 Bc7 37.Rf1 Rf8 38.f4 Raa8 39.Qc1 Qd7 40.fxe5 Rxf1 41.Qxf1 
dxe5 1/2-1/2

[Event "14th EUR-ch"]
[Site "Legnica POL"]
[Date "2013.05.13"]
[Round "8"]
[White "Skytte, Torill"]
[Black "Svana, Peter"]
[Result "0-1"]
[WhiteElo "1922"]
[BlackElo "2255"]
[EventDate "2013.05.05"]
[PlyCount "88"]

1.d4 Nf6 2.Nf3 g6 3.c4 Bg7 4.Bf4 O-O 5.e3 d6 6.Be2 h6 7.h3 Nbd7 8.Nc3 c6 
9.O-O Nh7 10.b4 e5 11.Bh2 Qe7 12.Re1 f5 13.dxe5 dxe5 14.Qb3 Kh8 15.Rad1 g5
16.c5 h5 17.Rd6 g4 18.hxg4 hxg4 19.Nd2 Ndf6 20.Nc4 Ne8 21.Rd2 Be6 22.Qd1 
Bxc4 23.Bxc4 Nef6 24.Ne2 Rad8 25.Rxd8 Rxd8 26.Qc2 Ne4 27.Rd1 Rf8 28.Bd3 
Nhg5 29.Kf1 Qf6 30.Qb2 Qe6 31.Qb3 Qh6 32.Bg1 f4 33.exf4 exf4 34.Bxe4 Nxe4 
35.Qd3 Qh7 36.f3 gxf3 37.Qxf3 Ng3+ 38.Kf2 Qh4 39.Nc3 Ne4+ 40.Kf1 Nxc3 41.
Rd7 Re8 42.Bf2 Qh1+ 43.Bg1 Ne2 44.Rxg7 Qxg1# 0-1

[Event "14th EUR-ch"]
[Site "Legnica POL"]
[Date "2013.05.13"]
[Round "8"]
[White "Rindlisbacher, Jan"]
[Black "Zahariev, Ognyan"]
[Result "1-0"]
[WhiteElo "2241"]
[BlackElo "1913"]
[EventDate "2013.05.05"]
[PlyCount "115"]

1.d4 d5 2.c4 c6 3.Nc3 Nf6 4.Nf3 g6 5.cxd5 cxd5 6.Bf4 Bg7 7.Bxb8 Rxb8 8.
Qa4+ Bd7 9.Qxa7 O-O 10.e3 Ne4 11.Qa3 e6 12.Bd3 f5 13.O-O g5 14.Rac1 Rf6 
15.Bxe4 Bf8 16.Qb3 fxe4 17.Ne5 b5 18.Ne2 Rb7 19.Rc2 b4 20.Rfc1 Qe8 21.Nxd7
Qxd7 22.Ng3 Qf7 23.Qa4 h5 24.Qa5 h4 25.Rc7 Rxc7 26.Rxc7 Qg6 27.Nf1 Qf5 28.
Rc2 Qg4 29.Qc7 Qf5 30.Qb8 Rf7 31.a4 bxa3 32.bxa3 Kh7 33.a4 Bg7 34.a5 Rf8 
35.Qd6 e5 36.Qxd5 exd4 37.Qxf5+ Rxf5 38.Ra2 d3 39.a6 Rf8 40.Nd2 Rc8 41.a7 
Rc1+ 42.Nf1 d2 43.Rxd2 Ra1 44.Rd7 Kg6 45.Re7 Bf6 46.Rxe4 Kf5 47.Rc4 Rxa7 
48.g4+ Ke5 49.h3 Ra1 50.Kg2 Kd5 51.Nd2 Ra2 52.e4+ Kd6 53.Nf3 Bd8 54.Rd4+ 
Ke7 55.Rd2 Ra5 56.Nd4 Ra8 57.Nc6+ Ke8 58.Rxd8+ 1-0

[Event "14th EUR-ch"]
[Site "Legnica POL"]
[Date "2013.05.13"]
[Round "8"]
[White "Szostko, Jakub"]
[Black "Nikolaidis, Konstantinos"]
[Result "1-0"]
[WhiteElo "1850"]
[BlackElo "2238"]
[EventDate "2013.05.05"]
[PlyCount "74"]

1.e4 c6 2.d4 d5 3.exd5 cxd5 4.c4 Nf6 5.Nc3 Nc6 6.Nf3 Bg4 7.cxd5 Nxd5 8.Qb3
Bxf3 9.gxf3 e6 10.Qxb7 Nxd4 11.Bb5+ Nxb5 12.Qxb5+ Qd7 13.Qxd7+ Kxd7 14.
Nxd5 exd5 15.Be3 Bb4+ 16.Ke2 Rhe8 17.Kd3 Re5 18.f4 Re4 19.Rhg1 g6 20.Rg5 
f5 21.Rg3 d4 22.Bxd4 Rxf4 23.Rh3 h5 24.Rg3 Ke7 25.Be3 Rg4 26.h3 Rd8+ 27.
Ke2 Rxg3 28.fxg3 Rd7 29.Rc1 Bd6 30.Kf3 Rb7 31.b3 Kd7 32.Rc4 Ke7 33.Ra4 Bb8
34.Bf4 Bxf4 35.Kxf4 Kf6 36.Ra6+ Rb6 37.Rxb6+ axb6 1-0

[Event "14th EUR-ch"]
[Site "Legnica POL"]
[Date "2013.05.13"]
[Round "8"]
[White "Ulanowski, Karol"]
[Black "Matsenko, Andrei"]
[Result "0-1"]
[WhiteElo "2091"]
[BlackElo "2212"]
[EventDate "2013.05.05"]
[PlyCount "86"]

1.e4 c6 2.d4 d5 3.Nc3 dxe4 4.Nxe4 Bf5 5.Ng3 Bg6 6.h4 h6 7.Nf3 Nd7 8.h5 Bh7
9.Bd3 Bxd3 10.Qxd3 e6 11.Bd2 Ngf6 12.O-O-O Be7 13.Ne4 Nxe4 14.Qxe4 Nf6 15.
Qe2 b5 16.Ne5 Qd5 17.Kb1 a5 18.g4 Ne4 19.Bc1 a4 20.Rhe1 Nd6 21.f4 a3 22.b3
Bh4 23.Rf1 Ne4 24.Rf3 b4 25.c4 bxc3 26.Re3 Nd2+ 27.Bxd2 cxd2 28.Qxd2 O-O 
29.Rc3 Be7 30.Qc2 Bb4 31.Rxc6 Rad8 32.g5 hxg5 33.fxg5 Bd6 34.h6 Bxe5 35.
Rc5 Qxd4 36.Rxd4 Bxd4 37.Rc7 Be5 38.hxg7 Kxg7 39.Rc4 Rh8 40.Qe4 Bb2 41.Qf3
Rd7 42.b4 Rhd8 43.Rc3 Rd1+ 0-1

[Event "14th EUR-ch"]
[Site "Legnica POL"]
[Date "2013.05.13"]
[Round "8"]
[White "Gebigke, Martin"]
[Black "Pavlicek, Miroslav"]
[Result "1-0"]
[WhiteElo "2158"]
[BlackElo "2014"]
[EventDate "2013.05.05"]
[PlyCount "48"]

1.d4 Nf6 2.c4 c5 3.d5 b5 4.cxb5 a6 5.bxa6 Bxa6 6.Nc3 g6 7.g3 Bg7 8.Bg2 d6 
9.Nf3 O-O 10.Rb1 Qa5 11.O-O Nbd7 12.Bd2 Rfb8 13.Ne1 Bb7 14.Nc2 Nb6 15.a3 
Qa6 16.e4 Nc4 17.Ne1 Nd7 18.f4 Ra7 19.Rf3 Bc8 20.Bf1 Ndb6 21.h3 Qb7 22.b3 
Bxc3 23.Rxc3 Na5 24.b4 Na4 1-0

[Event "14th EUR-ch"]
[Site "Legnica POL"]
[Date "2013.05.13"]
[Round "8"]
[White "Pappelis, Dimitrios"]
[Black "Wolff, Peter"]
[Result "1-0"]
[WhiteElo "2055"]
[BlackElo "1962"]
[EventDate "2013.05.05"]
[PlyCount "97"]

1.e4 c6 2.d4 d5 3.exd5 cxd5 4.c4 Nf6 5.Nc3 Nc6 6.Nf3 Bg4 7.cxd5 Nxd5 8.Qb3
Bxf3 9.gxf3 e6 10.Qxb7 Nxd4 11.Bb5+ Nxb5 12.Qc6+ Ke7 13.Qxb5 Rc8 14.O-O 
Nxc3 15.bxc3 Qd5 16.Qxd5 exd5 17.Rb1 Kd7 18.Rb7+ Rc7 19.Rb8 Rc8 20.Rb7+ 
Rc7 21.Rb8 Rc8 22.Rxc8 Kxc8 23.Rd1 Be7 24.Rxd5 Rd8 25.Rxd8+ Bxd8 26.Be3 a6
27.Kf1 Kc7 28.Ke2 Kc6 29.c4 Bc7 30.h3 f5 31.Kd3 g6 32.Kd4 Bd6 33.Bg5 Bc7 
34.c5 Bb8 35.Be7 Bf4 36.Bf8 g5 37.Bh6 Bc1 38.Ke5 Kxc5 39.Kxf5 Kb4 40.Bxg5 
Bb2 41.Ke6 Ka3 42.f4 Kxa2 43.f5 Kb3 44.f6 a5 45.f7 Bg7 46.Be7 Kc4 47.f8=Q 
Bxf8 48.Bxf8 Kd4 49.f4 1-0

[Event "14th EUR-ch"]
[Site "Legnica POL"]
[Date "2013.05.13"]
[Round "8"]
[White "Wenzel, Birger"]
[Black "Korcz, Daniel"]
[Result "1-0"]
[WhiteElo "2110"]
[BlackElo "1855"]
[EventDate "2013.05.05"]
[PlyCount "85"]

1.e4 e5 2.Nf3 Nc6 3.Bc4 Bc5 4.c3 Nf6 5.d3 d6 6.Bb3 Ne7 7.O-O Bb6 8.h3 O-O 
9.Re1 Ng6 10.Nbd2 c6 11.Nf1 Be6 12.N3h2 Bxb3 13.axb3 d5 14.Qf3 Qd6 15.Bg5 
Nd7 16.Ng3 f6 17.Nf5 Qe6 18.exd5 Qxd5 19.Qxd5+ cxd5 20.Be3 Nc5 21.Bxc5 
Bxc5 22.b4 Bb6 23.g3 Rad8 24.Nf1 Rfe8 25.Nd2 Nf8 26.Nb3 g6 27.Ne3 Ne6 28.
Nc2 Ng5 29.Kg2 e4 30.d4 Nf3 31.Red1 a6 32.Nc5 Re7 33.Ne3 f5 34.Kf1 h5 35.
Ke2 Ba7 36.Nb3 Bb8 37.Ra5 Red7 38.Nc5 Re7 39.Na4 Red7 40.Nb6 Bc7 41.Nxd7 
Bxa5 42.Nf6+ Kf7 43.Nfxd5 1-0

[Event "14th EUR-ch"]
[Site "Legnica POL"]
[Date "2013.05.13"]
[Round "8"]
[White "Guzewicz, Rafal"]
[Black "Zemlicka, Vit"]
[Result "1-0"]
[WhiteElo "1942"]
[BlackElo "2049"]
[EventDate "2013.05.05"]
[PlyCount "81"]

1.d4 Nf6 2.Bf4 g6 3.e3 Bg7 4.Nf3 d6 5.h3 O-O 6.Be2 Nfd7 7.c4 e5 8.Bh2 Nc6 
9.Nc3 exd4 10.exd4 Re8 11.O-O Nf6 12.Bd3 Nh5 13.Be4 Bd7 14.Qd2 Nf6 15.Bc2 
Nb4 16.Bb3 Bc6 17.Bd1 a5 18.a3 Na6 19.Rc1 Re7 20.d5 Bd7 21.Bc2 Nc5 22.Rfe1
a4 23.Nd4 Kf8 24.Rxe7 Qxe7 25.Re1 Qd8 26.Ndb5 Bxb5 27.Nxb5 Nfd7 28.Bb1 Ne5
29.Qe2 Rc8 30.g4 Qh4 31.Kg2 Bf6 32.Bg3 Qh6 33.f4 Ned7 34.g5 Bxg5 35.fxg5 
Qxg5 36.Qe3 Qf6 37.Re2 Nb6 38.Bf4 Ncd7 39.Bd3 h5 40.Rf2 Kg8 41.Bxd6 1-0

[Event "14th EUR-ch"]
[Site "Legnica POL"]
[Date "2013.05.13"]
[Round "8"]
[White "Szonyi, Bence"]
[Black "D`Aste, Federico"]
[Result "1-0"]
[WhiteElo "1651"]
[BlackElo "1501"]
[EventDate "2013.05.05"]
[PlyCount "89"]

1.e4 d5 2.exd5 Nf6 3.c4 c6 4.dxc6 Nxc6 5.Nf3 Bf5 6.Be2 Nb4 7.Qa4+ Nc6 8.
O-O e6 9.d4 Be7 10.Nc3 O-O 11.Be3 Ng4 12.Rad1 Qb6 13.Qb5 Qc7 14.h3 a6 15.
Qb3 Nxe3 16.fxe3 Qg3 17.Bd3 Bxh3 18.Qc2 Bf5 19.Bxf5 exf5 20.Qxf5 Qd6 21.
Ne4 Qe6 22.Ng3 Qxf5 23.Nxf5 Bd8 24.d5 g6 25.N5d4 Nxd4 26.Nxd4 Re8 27.Kf2 
Ba5 28.c5 Re7 29.d6 Re4 30.Rd3 Bd8 31.b4 Bf6 32.a4 g5 33.d7 Rd8 34.c6 bxc6
35.Nxc6 Rf8 36.d8=Q Bxd8 37.Rxd8 Rxd8 38.Nxd8 g4 39.Rd1 h5 40.g3 Kg7 41.
Rc1 Re7 42.Rc5 Kg6 43.Rc6+ f6 44.Rxa6 Re5 45.Ra5 1-0

[Event "14th EUR-ch"]
[Site "Legnica POL"]
[Date "2013.05.14"]
[Round "9"]
[White "Lupulescu, Constantin"]
[Black "Moiseenko, Olexandr"]
[Result "1/2-1/2"]
[WhiteElo "2634"]
[BlackElo "2698"]
[EventDate "2013.05.05"]
[PlyCount "81"]

1.d4 Nf6 2.c4 e6 3.Nf3 d5 4.Nc3 Bb4 5.Bg5 h6 6.Bxf6 Qxf6 7.Qa4+ Nc6 8.e3 
O-O 9.Be2 Bd7 10.Qb3 dxc4 11.Qxc4 Qg6 12.O-O Bd6 13.Nb5 e5 14.Nxd6 cxd6 
15.Rfd1 Rfd8 16.Rac1 e4 17.Nd2 Bh3 18.g3 d5 19.Qb5 Rd6 20.Nb1 Qf5 21.Bf1 
Bxf1 22.Rxf1 Qd7 23.Nc3 Rf8 24.f3 a6 25.Qe2 exf3 26.Rxf3 Re8 27.Qd3 Re7 
28.Rcf1 Qe8 29.R1f2 Nd8 30.Kg2 Ne6 31.h4 Nf8 32.Qf5 Qd7 33.Qxd7 Nxd7 34.g4
b5 35.Rc2 Nb6 36.Nd1 Rde6 37.b3 g6 38.Rc5 Kg7 39.Kh3 Rd6 40.Kg3 Rde6 41.
Kh3 1/2-1/2

[Event "14th EUR-ch"]
[Site "Legnica POL"]
[Date "2013.05.14"]
[Round "9"]
[White "Beliavsky, Alexander"]
[Black "Navara, David"]
[Result "1/2-1/2"]
[WhiteElo "2628"]
[BlackElo "2697"]
[EventDate "2013.05.05"]
[PlyCount "115"]

1.Nf3 d5 2.d4 Nf6 3.c4 dxc4 4.e3 e6 5.Bxc4 c5 6.O-O a6 7.dxc5 Qxd1 8.Rxd1 
Bxc5 9.b3 Nbd7 10.Bb2 O-O 11.Nbd2 b5 12.Be2 Bb7 13.Ne1 Rfc8 14.Kf1 Kf8 15.
Bf3 Bxf3 16.Ndxf3 Be7 17.Rac1 Nd5 18.e4 N5f6 19.Ng1 Rxc1 20.Bxc1 Rd8 21.f3
Ne5 22.Rxd8+ Bxd8 23.Ne2 Nc6 24.Nd3 Nd7 25.Be3 Bc7 26.Kf2 Ke7 27.f4 f6 28.
Kf3 Bd6 29.h4 Nb4 30.Nxb4 Bxb4 31.h5 g6 32.hxg6 hxg6 33.Nc1 Nc5 34.e5 f5 
35.Bxc5+ Bxc5 36.Nd3 Bb6 37.Nf2 Kd7 38.Nh3 Bd8 39.Ke3 Kc6 40.Kd4 Be7 41.
Kd3 Kd5 42.Ke3 a5 43.Kd3 a4 44.bxa4 bxa4 45.Nf2 g5 46.fxg5 Bxg5 47.g4 Bh4 
48.Nd1 f4 49.Nc3+ Kxe5 50.Nxa4 Bd8 51.Nc3 Bb6 52.Ke2 Kd4 53.Nb5+ Kc4 54.a4
e5 55.Kf3 Bc5 56.g5 Kb4 57.g6 Bf8 58.Nd6 1/2-1/2

[Event "14th EUR-ch"]
[Site "Legnica POL"]
[Date "2013.05.14"]
[Round "9"]
[White "Vallejo Pons, Francisco"]
[Black "Hracek, Zbynek"]
[Result "1/2-1/2"]
[WhiteElo "2695"]
[BlackElo "2628"]
[EventDate "2013.05.05"]
[PlyCount "99"]

1.e4 e5 2.Nf3 Nc6 3.Bb5 Nf6 4.O-O Nxe4 5.Re1 Nd6 6.Nxe5 Be7 7.Bf1 Nxe5 8.
Rxe5 O-O 9.Nc3 Bf6 10.Re1 Re8 11.Nd5 Rxe1 12.Nxf6+ Qxf6 13.Qxe1 b6 14.d3 
Bb7 15.Qb4 Re8 16.Qf4 Qf5 17.Bd2 h6 18.b4 Qxf4 19.Bxf4 Nf5 20.c3 d6 21.f3 
g5 22.Bd2 c5 23.a3 Bd5 24.Kf2 f6 25.Be2 h5 26.Bd1 Kf7 27.a4 cxb4 28.c4 Be6
29.a5 d5 30.axb6 axb6 31.cxd5 Bxd5 32.Bxb4 Ra8 33.Rxa8 Bxa8 34.Bb3+ Kg6 
35.Ba4 Kf7 36.Bb3+ Kg6 37.Be6 Nd4 38.Ba2 Bc6 39.Be7 Bd7 40.Bd8 b5 41.Bb6 
Be6 42.Bb1 Nc6 43.d4+ Kf7 44.Bc5 Bd5 45.Ke3 b4 46.Be4 Ke6 47.Bh7 Kf7 48.
Be4 Ke6 49.Bh7 Kf7 50.Be4 1/2-1/2

[Event "14th EUR-ch"]
[Site "Legnica POL"]
[Date "2013.05.14"]
[Round "9"]
[White "Melkumian, Hrant"]
[Black "Laznicka, Viktor"]
[Result "1/2-1/2"]
[WhiteElo "2622"]
[BlackElo "2679"]
[EventDate "2013.05.05"]
[PlyCount "80"]

1.d4 d5 2.c4 dxc4 3.Nf3 Nf6 4.e3 e6 5.Bxc4 c5 6.O-O a6 7.dxc5 Bxc5 8.Qxd8+
Kxd8 9.Be2 Nbd7 10.Ne1 b6 11.Nd3 a5 12.Nxc5 bxc5 13.Nc3 Ba6 14.Bxa6 Rxa6 
15.b3 Ke7 16.e4 Rc8 17.Ba3 Nb6 18.f3 Nfd7 19.Rfd1 Raa8 20.Rab1 Rc6 21.Ne2 
Rd6 22.Rdc1 Rd2 23.Rb2 Rxb2 24.Bxb2 g6 25.a4 Rc8 26.Ba3 e5 27.Nc3 Ke6 28.
Rd1 Rc6 29.Kf2 Rd6 30.Ke2 Rxd1 31.Kxd1 Kd6 32.Kc2 Kc6 33.Nb5 c4 34.Na7+ 
Kb7 35.Nb5 Kc6 36.Na7+ Kb7 37.Nb5 Kc6 38.Na7+ Kb7 39.Nb5 Kc6 40.Na7+ Kb7 
1/2-1/2

[Event "14th EUR-ch"]
[Site "Legnica POL"]
[Date "2013.05.14"]
[Round "9"]
[White "Romanov, Evgeny"]
[Black "Nepomnyaschy, Yan"]
[Result "1/2-1/2"]
[WhiteElo "2640"]
[BlackElo "2710"]
[EventDate "2013.05.05"]
[PlyCount "51"]

1.d4 Nf6 2.c4 g6 3.g3 c5 4.Nf3 cxd4 5.Nxd4 d5 6.Bg2 dxc4 7.Qa4+ Nbd7 8.O-O
Bg7 9.Rd1 O-O 10.Qxc4 Nb6 11.Qc2 Nfd5 12.Qb3 e5 13.Nb5 Be6 14.e4 Nc7 15.
Rxd8 Raxd8 16.Qc2 Nxb5 17.Bg5 Nd4 18.Qd1 f6 19.Bd2 Rd7 20.Nc3 Nc4 21.Bc1 
Rc8 22.Qf1 Na3 23.Bd2 Nc4 24.Bc1 Na3 25.Bd2 Nc4 26.Bc1 1/2-1/2

[Event "14th EUR-ch"]
[Site "Legnica POL"]
[Date "2013.05.14"]
[Round "9"]
[White "Movsesian, Sergei"]
[Black "Postny, Evgeny"]
[Result "1-0"]
[WhiteElo "2693"]
[BlackElo "2637"]
[EventDate "2013.05.05"]
[PlyCount "73"]

1.Nf3 Nf6 2.g3 d5 3.Bg2 Bf5 4.c4 c6 5.O-O e6 6.cxd5 exd5 7.d3 Be7 8.Qb3 
Qb6 9.Qc2 O-O 10.Nc3 Na6 11.a3 d4 12.Na4 Qd8 13.b4 Ne8 14.Bb2 Bf6 15.Nc5 
Nxc5 16.Qxc5 Bg4 17.Bxd4 Bxf3 18.Bxf6 Qxf6 19.Bxf3 Nc7 20.Bg2 Ne6 21.Qc4 
a5 22.e3 b5 23.Qxc6 axb4 24.d4 Rxa3 25.Qxb5 Ng5 26.Qxb4 Nf3+ 27.Kh1 Rxa1 
28.Rxa1 h5 29.Qb5 h4 30.Ra6 Nxd4 31.exd4 Qxf2 32.Qe5 Rc8 33.Ra1 Qb2 34.Rf1
hxg3 35.hxg3 Qb6 36.Bd5 Qh6+ 37.Kg1 1-0

[Event "14th EUR-ch"]
[Site "Legnica POL"]
[Date "2013.05.14"]
[Round "9"]
[White "Popov, Ivan"]
[Black "Berkes, Ferenc"]
[Result "1/2-1/2"]
[WhiteElo "2620"]
[BlackElo "2688"]
[EventDate "2013.05.05"]
[PlyCount "88"]

1.e4 c6 2.Nc3 d5 3.Nf3 Nf6 4.e5 Ne4 5.d4 Nxc3 6.bxc3 e6 7.h4 h6 8.h5 b6 9.
Bd3 Ba6 10.O-O c5 11.Nh2 Bxd3 12.cxd3 cxd4 13.cxd4 Nc6 14.Be3 Qd7 15.f4 
O-O-O 16.Qg4 f5 17.exf6 gxf6 18.f5 Re8 19.fxe6 Rxe6 20.Rac1 Ba3 21.Rc3 f5 
22.Qxf5 Rf8 23.Qg4 Rxf1+ 24.Nxf1 Be7 25.Rc2 Kb7 26.Bxh6 Nxd4 27.Rf2 Nc6 
28.Bg7 Qd6 29.Qf4 Qd7 30.h6 Bc5 31.d4 Re4 32.Qf7 Re7 33.Qf4 Re4 34.Qf5 
Qxf5 35.Rxf5 Nxd4 36.Rf7+ Ka6 37.Kh2 Ne6 38.Bf6 Nf8 39.g3 Re6 40.Kg2 Nh7 
41.Rxh7 Rxf6 42.Nh2 d4 43.g4 d3 44.Nf3 Be3 1/2-1/2

[Event "14th EUR-ch"]
[Site "Legnica POL"]
[Date "2013.05.14"]
[Round "9"]
[White "Sargissian, Gabriel"]
[Black "Saric, Ivan"]
[Result "1/2-1/2"]
[WhiteElo "2667"]
[BlackElo "2622"]
[EventDate "2013.05.05"]
[PlyCount "92"]

1.d4 Nf6 2.c4 g6 3.Nf3 Bg7 4.g3 d5 5.Bg2 dxc4 6.Qa4+ Nfd7 7.Nbd2 a6 8.Qxc4
Nc6 9.O-O Nb6 10.Qc2 O-O 11.Nb3 a5 12.Rd1 h6 13.a3 Bf5 14.e4 Bg4 15.Be3 a4
16.Nc5 Qc8 17.Rac1 e5 18.d5 Nd4 19.Bxd4 exd4 20.Nd3 c6 21.dxc6 Qxc6 22.
Qxc6 bxc6 23.Rxc6 Rab8 24.h3 Bd7 25.Rc5 Rfc8 26.Rdc1 Rxc5 27.Rxc5 Be6 28.
Nfe5 Bxe5 29.Nxe5 Nd7 30.Nxd7 Bxd7 31.Rd5 Be8 32.e5 Kf8 33.Rxd4 Rxb2 34.
Bd5 Re2 35.Be4 Ke7 36.Kg2 Ke6 37.Rd8 Bd7 38.Kf3 Ra2 39.Bd5+ Kxd5 40.Rxd7+ 
Ke6 41.Ra7 Rxa3+ 42.Ke4 Ra1 43.f4 h5 44.g4 Re1+ 45.Kf3 Rf1+ 46.Ke4 Re1+ 
1/2-1/2

[Event "14th EUR-ch"]
[Site "Legnica POL"]
[Date "2013.05.14"]
[Round "9"]
[White "Zhigalko, Andrei"]
[Black "Fedorchuk, Serhii"]
[Result "1-0"]
[WhiteElo "2603"]
[BlackElo "2660"]
[EventDate "2013.05.05"]
[PlyCount "79"]

1.d4 Nf6 2.c4 e6 3.Nc3 Bb4 4.Qc2 O-O 5.e4 d6 6.e5 dxe5 7.dxe5 Nfd7 8.Nf3 
Nc6 9.a3 Be7 10.Bf4 g5 11.h4 gxf4 12.Ng5 f5 13.Nxe6 Qe8 14.Nxc7 Qd8 15.
Nxa8 Nd4 16.Qd1 Nxe5 17.Nc7 Bc5 18.N3d5 Ng4 19.b4 Bb6 20.Ra2 Bxc7 21.Qxd4 
Be6 22.Rd2 Be5 23.Qd3 Re8 24.Be2 Kh8 25.Kf1 Qc8 26.h5 b5 27.cxb5 Rd8 28.
Bf3 Bxd5 29.Bxd5 Nf6 30.Qe2 Nxd5 31.Qxe5+ Kg8 32.Rh3 Ne3+ 33.Rxe3 fxe3 34.
Rxd8+ Qxd8 35.Qe6+ Kh8 36.Qxe3 Qd1+ 37.Qe1 Qxh5 38.Qe5+ Kg8 39.Qb8+ Kf7 
40.Qxa7+ 1-0